000 00383nam a2200157Ia 4500
008 220216s9999 xx 000 0 und d
100 _aNair N R
245 0 _aDrying of sheet rubber using electricity
260 _bRubber Board Bulletin
_c1985
300 _a7-May
650 _aRubber
650 _aSheet drying
700 _aParappuram M
700 _aThomas E V
942 _cJS
999 _c57404
_d57404